Normal view MARC view

Entry Personal Name

Number of records used in: 1

001 - CONTROL NUMBER

  • control field: 251803

003 - CONTROL NUMBER IDENTIFIER

  • control field: OSt

005 - DATE AND TIME OF LATEST TRANSACTION

  • control field: 20260120103012.0

008 - FIXED-LENGTH DATA ELEMENTS

  • fixed length control field: 260120|| aca||aabn | a|a d

040 ## - CATALOGING SOURCE

  • Original cataloging agency: OSt
  • Transcribing agency: OSt

100 ## - HEADING--PERSONAL NAME

  • Personal name: SITARAMA SHASTRI (V)
  • Dates associated with a name: ಸೀತಾರಾಮ ಶಾಸ್ತ್ರಿ (ವಿ)

670 ## - SOURCE DATA FOUND

  • Source citation: Work cat.: (OSt)144924: SITARAMA SHASTRI (V) ಸೀತಾರಾಮ ಶಾಸ್ತ್ರಿ (ವಿ), Netaji, 1947